| 000 | 00603nam a22002172 4500 | ||
|---|---|---|---|
| 001 | 0000005943 | ||
| 005 | 20151217154356.0 | ||
| 008 | 070810s xx 000 0 eng d | ||
| 020 |
_a0091906385 : _cKES 530 |
||
| 040 |
_aKABU _cKABU |
||
| 050 | 0 |
_aBF637 _b.P3P43 |
|
| 100 | 1 |
_aPeale, Norman Vincent. _@0000157266 |
|
| 245 | 1 | 4 | _aThe Power of positive thinking. |
| 260 |
_aLondon : _bVermillon, _c1953. |
||
| 300 | _ax, 302 p. | ||
| 650 | 0 |
_aPeace of mind. _@0000157194 |
|
| 650 | 0 |
_aSuccess. _@0000148094 |
|
| 908 | _a070810 | ||
| 950 | _@1 | ||
| 999 |
_c10863 _d10863 |
||